| 000 | 00538nam a22001817a 4500 | ||
|---|---|---|---|
| 003 | CEME | ||
| 005 | 20221205121206.0 | ||
| 008 | 210222b xxu||||| |||| 00| 0 eng d | ||
| 020 | _a0-201-4068-0 | ||
| 040 | _c. | ||
| 082 | _a004.165 LEO'P | ||
| 100 |
_aSimon, Barry Leonhard, Woody _972145 |
||
| 245 | _aPc mom the mother of all pc books wherein mom's mordant minions muck in the multimedia madness | ||
| 260 |
_aNEWYORK _bADDISON WESLEY _c1995 |
||
| 300 | _a720P | ||
| 650 |
_aMICROCOMPUTERS ACC NO-30156 _972146 |
||
| 942 |
_cBK _2ddc |
||
| 999 |
_c578309 _d578309 |
||